000 00545nam a22001577a 4500
003 OSt
005 20150906102414.0
008 150906b xxu||||| |||| 00| 0 eng d
040 _cRUA
082 _aAGR គៀន 1989 B001 Or.1
100 _983
_aគៀន សុភា
245 _aវាយតំលៃជីវជាតិដីនៅស្ថានីយស្រាវជ្រាវវិទ្យាសាស្ដ្រទួលក្រសាំង
260 _aPhnom Penh
_bRUA
_c1989
300 _a114p.
_bill.
_c29cm.
942 _2ddc
_cAGR
999 _c78
_d78